Cake [DVD/videorecording] / Cinelou Frilms ... Read More
Available copies
- 3 of 3 copies available at LARL/NWRL Consortium. (Show)
- 1 of 1 copy available at Lake Agassiz Regional Library.
Current holds
0 current holds with 3 total copies.
Show Only Available Copies
| Location | Call Number / Copy Notes | Barcode | Shelving Location | Status | Due Date |
|---|---|---|---|---|---|
| Moorhead Public Library | DVD CAK (Text) | 33500012742094 | Main | Available | - |
Record details
- ISBN: 9786315934988
- Physical Description: 1 videodisc (102 minutes) : sound, color ; 4 3/4 ... Read More
- Publisher: Beverly Hills, CA : Twentieth Century Fox Home Entertainment, [2015]
Content descriptions
| General Note: | Originally released as a motion picture in 2014. Special features: The icing on the cake: Meet the cast; The many layers of Cake: Learning to live ... Read More |
| Creation/Production Credits Note: | Music, Christophe Beck ; editors, Kristina Boden, ... Read More |
| Participant or Performer Note: | Jennifer Aniston, Adriana Barraza, Anna Kendrick, ... Read More |
| Summary, etc.: | A look into the darkly funny world of Claire ... Read More |
| Target Audience Note: | MPAA Rating: R; for language, substance abuse and ... Read More |
| System Details Note: | DVD, NTSC region 1, dual layer, anamorphic ... Read More |
| Language Note: | In English; Spanish and French subtitles; English ... Read More |
| Source of Description Note: | Title from disc surface. |
Search for related items by subject
| Subject: | Man-woman relationships > Drama. Hallucinations and illusions > Drama. Middle-aged women > Drama. Interpersonal relations > Drama. Widowers > Drama. |
| Genre: | Feature films. Fiction films. Dark comedy films. Video recordings for the hearing impaired. |
| LDR | 04574cgm a2200865Ii 4500 | ||
|---|---|---|---|
| 001 | 178273 | ||
| 003 | LARL_NWRL_CONSORTIUM | ||
| 005 | 20150422112140.0 | ||
| 007 | vd cvaizq | ||
| 008 | 150309p20152014cau102 e vleng d | ||
| 020 | . | ‡a9786315934988 | |
| 024 | 1 | . | ‡a024543115427 |
| 028 | 4 | 2. | ‡a2311542 ‡bTwentieth Century Fox Film |
| 035 | . | ‡a(OCoLC)904562979 | |
| 037 | . | ‡bMidwest Tape ‡nhttp://www.midwesttapes.com | |
| 040 | . | ‡aTEFMT ‡beng ‡erda ‡cTEFMT ‡dTEF ‡dOH9WF ‡dBTCTA ‡dPX0 | |
| 041 | 1 | . | ‡aeng ‡jfre ‡jspa ‡jeng ‡heng |
| 050 | 4. | ‡aPN1997.2 ‡b.C35 2015 | |
| 082 | 0 | 4. | ‡a791.43/72 ‡223 |
| 245 | 0 | 0. | ‡aCake ‡h[DVD/videorecording] / ‡cCinelou Frilms presents ; a Daniel Barnz film ; produced by Ben Barnz, Kristin Hahn, Courtney Solomon, Mark Canton ; written by Patrick Tobin ; directed by Daniel Barnz. |
| 260 | . | ‡aBeverly Hills, CA : ‡bTwentieth Century Fox Home Entertainment, ‡c[2015] | |
| 300 | . | ‡a1 videodisc (102 minutes) : ‡bsound, color ; ‡c4 3/4 in. | |
| 336 | . | ‡atwo-dimensional moving image ‡btdi ‡2rdacontent | |
| 337 | . | ‡avideo ‡bv ‡2rdamedia | |
| 338 | . | ‡avideodisc ‡bvd ‡2rdacarrier | |
| 340 | . | ‡b4 3/4 in. ‡2rda | |
| 344 | . | ‡adigital ‡boptical ‡gsurround ‡hDolby Digital 5.1 ‡2rda | |
| 345 | . | ‡awidescreen (2.40:1) ‡b24 fps ‡2rda | |
| 346 | . | ‡bNTSC ‡2rda | |
| 347 | . | ‡avideo file ‡bDVD video ‡eRegion 1 ‡2rda | |
| 380 | . | ‡aMotion picture | |
| 538 | . | ‡aDVD, NTSC region 1, dual layer, anamorphic widescreen (2.40:1) presentation; Dolby Digital 5.1 surround. | |
| 546 | . | ‡aIn English; Spanish and French subtitles; English subtitles for the deaf and hard-of-hearing (SDH). | |
| 588 | 0 | . | ‡aTitle from disc surface. |
| 511 | 1 | . | ‡aJennifer Aniston, Adriana Barraza, Anna Kendrick, Sam Worthington, Mamie Gummer, Felicity Huffman, William H. Macy. |
| 508 | . | ‡aMusic, Christophe Beck ; editors, Kristina Boden, Michelle Harrison ; director of photography, Rachel Morrison. | |
| 500 | . | ‡aOriginally released as a motion picture in 2014. | |
| 521 | 8 | . | ‡aMPAA Rating: R; for language, substance abuse and brief sexuality. |
| 520 | . | ‡aA look into the darkly funny world of Claire Bennett who initiates a dubious relationship with a widower while confronting fantastical hallucinations of his dead wife. With her feisty housekeeper-cum-caretaker ever at her side, Claire searches for human connection and self-forgiveness in this tale of personal redemption. | |
| 500 | . | ‡aSpecial features: The icing on the cake: Meet the cast; The many layers of Cake: Learning to live again; theatrical trailer. | |
| 650 | 0. | ‡aMan-woman relationships ‡vDrama. ‡0(LARL_NWRL_CONSORTIUM)166008 | |
| 650 | 0. | ‡aHallucinations and illusions ‡vDrama. | |
| 650 | 0. | ‡aMiddle-aged women ‡vDrama. | |
| 650 | 0. | ‡aInterpersonal relations ‡vDrama. ‡0(LARL_NWRL_CONSORTIUM)165335 | |
| 650 | 0. | ‡aWidowers ‡vDrama. | |
| 655 | 7. | ‡aFeature films. ‡2lcgft ‡0(LARL_NWRL_CONSORTIUM)175625 | |
| 655 | 7. | ‡aFiction films. ‡2lcgft ‡0(LARL_NWRL_CONSORTIUM)175626 | |
| 655 | 7. | ‡aDark comedy films. ‡2lcgft ‡0(LARL_NWRL_CONSORTIUM)175651 | |
| 655 | 7. | ‡aVideo recordings for the hearing impaired. ‡2lcgft ‡0(LARL_NWRL_CONSORTIUM)175744 | |
| 700 | 1 | . | ‡aBarnz, Daniel, ‡d1966- ‡efilm director. ‡0(LARL_NWRL_CONSORTIUM)216325 |
| 700 | 1 | . | ‡aTobin, Patrick, ‡escreenwriter. |
| 700 | 1 | . | ‡aBarnz, Ben, ‡efilm producer. |
| 700 | 1 | . | ‡aHahn, Kristin, ‡efilm producer. ‡0(LARL_NWRL_CONSORTIUM)10324 |
| 700 | 1 | . | ‡aSolomon, Courtney, ‡d1971- ‡efilm producer. |
| 700 | 1 | . | ‡aCanton, Mark, ‡efilm producer. ‡0(LARL_NWRL_CONSORTIUM)208937 |
| 700 | 1 | . | ‡aAniston, Jennifer, ‡eactor. ‡0(LARL_NWRL_CONSORTIUM)144211 |
| 700 | 1 | . | ‡aBarraza, Adriana, ‡d1956- ‡eactor. ‡0(LARL_NWRL_CONSORTIUM)212093 |
| 700 | 1 | . | ‡aKendrick, Anna, ‡eactor. ‡0(LARL_NWRL_CONSORTIUM)203368 |
| 700 | 1 | . | ‡aWorthington, Sam, ‡d1976- ‡eactor. ‡0(LARL_NWRL_CONSORTIUM)213184 |
| 700 | 1 | . | ‡aGummer, Mamie, ‡d1983- ‡eactor. ‡0(LARL_NWRL_CONSORTIUM)215453 |
| 700 | 1 | . | ‡aHuffman, Felicity, ‡d1962- ‡eactor. ‡0(LARL_NWRL_CONSORTIUM)219578 |
| 700 | 1 | . | ‡aMacy, William H., ‡d1950- ‡eactor. ‡0(LARL_NWRL_CONSORTIUM)53129 |
| 710 | 2 | . | ‡aCinelou Films, ‡epresenter. |
| 710 | 2 | . | ‡aTwentieth Century Fox Home Entertainment, Inc., ‡epublisher. ‡0(LARL_NWRL_CONSORTIUM)140752 |
| 948 | . | ‡hNO HOLDINGS IN LAL - 341 OTHER HOLDINGS | |
| 994 | . | ‡aZ0 ‡bLAL | |
| 901 | . | ‡a178273 ‡bOCLC ‡c178273 ‡tbiblio | |

Add to basket
Permalink
Disable Highlighting